|
|
|
|
| LEADER |
00000cac a2200000 a 4500 |
| 003 |
Ucuenca |
| 005 |
20231114080432.0 |
| 008 |
996040|1987 mx |||||r|||||||||||spa|| |
| 020 |
|
|
|a 968-860-060-1
|
| 040 |
|
|
|b spa
|
| 041 |
0 |
|
|a es
|
| 082 |
0 |
|
|a 613
|
| 245 |
|
|
|a Atención primaria de salud: principios y métodos
|c Compiladores Axel Kroeger y Ronaldo Luna
|h imp
|
| 264 |
|
|
|a México
|b Pax México
|c 1987
|
| 300 |
|
|
|a 642 páginas:
|b ilu
|c 23 cm
|
| 490 |
|
|
|a PALTEX para ejecutores de programas de salud
|n no. 10
|
| 504 |
|
|
|a incl. ref.
|
| 650 |
|
0 |
|a Salud
|9 324
|
| 650 |
|
0 |
|9 3811
|a Lactancia materna
|
| 650 |
|
7 |
|a Atención primaria
|9 2059
|
| 700 |
1 |
|
|a Kroeger, Axel.
|e compilador
|9 85923
|
| 700 |
1 |
|
|a Luna, Ronaldo
|e compilador
|9 265051
|
| 852 |
|
|
|a UC-CDJBV
|
| 942 |
|
|
|c CR
|0 1
|2 ddc
|z bladimir.cabrerar@ucuenca.edu.ec
|
| 999 |
|
|
|c 156179
|d 156179
|